=LDR 00000nam 2200000 4500 =001 INLIS000000000024315 =005 20130612122917 =008 ***********************************Ind** =035 ##$$0010-061300000024315 =041 ##$$a Ind =082 ##$$a 650.09 =090 ##$$a 650.09, Win s =100 ##$$a Winardi =245 ##$$a Sejarah perkembangan pemikiran dalam bidang manajemen, Prof Dr. Winardi, SE =260 ##$$a 2002 $b Bandung =300 ##$$a xvi, 368 hlm, 21 cm =650 ##$$a Manajemen =850 ##$$a NBPNMAT =990 ##$$a 0001/BPAP-NTB/20142015